| 000 | 00741nam a2200181Ia 4500 | ||
|---|---|---|---|
| 008 | 090123s9999 xx 000 0 und d | ||
| 082 | _b28565 | ||
| 100 | _aपटवर्धन बाबुराव | ||
| 245 | _aसमर्थ रामदास स्वामी अध्यात्मबोध | ||
| 250 | _a1 | ||
| 260 | _bप्रतिमा प्रकाशन | ||
| 300 | _a206 | ||
| 600 | _aपटवर्धन बाबुराव | ||
| 630 | _aसमर्थ रामदास स्वामी अध्यात्मबोध | ||
| 700 | _aपटवर्धन बाबुराव | ||
| 730 | _aसमर्थ रामदास स्वामी अध्यात्मबोध | ||
| 942 | _cBOOK | ||
| 999 |
_c67100 _d67100 |
||